Documentos y resoluciones de la segunda asamblea general

Guardat en:
Dades bibliogràfiques
Autor corporatiu: Comisión para la Defensa de los Derechos Humanos en Centroamérica
Format: Text
Publicat: San José :
Matèries:
Etiquetes: Afegir etiqueta
Sense etiquetes, Sigues el primer a etiquetar aquest registre!

MARC

LEADER 00000 a a2200000 04500
001 13932
003
040
090 |a 017100  
110 |a Comisión para la Defensa de los Derechos Humanos en Centroamérica  
245 |a Documentos y resoluciones de la segunda asamblea general  
260 |a San José :  
300 |a 28 p.  
650 |a DERECHOS HUMANOS  
999 |c 14001  |d 14001